logo

Bir Sreshtho Munshi Abdur Rouf Library
Jhenaidah Cadet College

The devil and Miss Prym / (Record no. 12713)

MARC details
000 -LEADER
fixed length control field 00790nam a2200265 a 4500
001 - CONTROL NUMBER
control field 12713
003 - CONTROL NUMBER IDENTIFIER
control field BD-JhCC
005 - DATE AND TIME OF LATEST TRANSACTION
control field 20230508200053.0
008 - FIXED-LENGTH DATA ELEMENTS--GENERAL INFORMATION
fixed length control field 010718s20212021xna 000 1 eng d
020 ## - INTERNATIONAL STANDARD BOOK NUMBER
International Standard Book Number 9788172235154
035 ## - SYSTEM CONTROL NUMBER
System control number (BD-JhCC)12713
040 ## - CATALOGING SOURCE
Original cataloging agency ANL
Language of cataloging eng
Modifying agency ANL
-- NRYD
-- NRAND
-- BD-JhCC
Transcribing agency BD-JhCC
041 1# - LANGUAGE CODE
Language code of text/sound track or separate title eng
Language code of original por
042 ## - AUTHENTICATION CODE
Authentication code anuc
082 04 - DEWEY DECIMAL CLASSIFICATION NUMBER
Classification number 869.342
Edition number 21
Item number COE 2021
100 1# - MAIN ENTRY--PERSONAL NAME
Personal name Coelho, Paulo.
245 14 - TITLE STATEMENT
Title The devil and Miss Prym /
Statement of responsibility, etc. Paulo Coelho ; translated by Amanda Hopkinson and Nick Caistor.
260 ## - PUBLICATION, DISTRIBUTION, ETC.
Place of publication, distribution, etc. Pymble, N.S.W. :
Name of publisher, distributor, etc. HarperCollins,
Date of publication, distribution, etc. 2021.
300 ## - PHYSICAL DESCRIPTION
Extent ix, 172 p. ;
Dimensions 24 cm.
546 ## - LANGUAGE NOTE
Language note Translated from the Portuguese.
650 #0 - SUBJECT ADDED ENTRY--TOPICAL TERM
Topical term or geographic name entry element Good and evil
Form subdivision Fiction.
700 1# - ADDED ENTRY--PERSONAL NAME
Personal name Caistor, Nick.
700 1# - ADDED ENTRY--PERSONAL NAME
Personal name Hopkinson, Amanda.
942 ## - ADDED ENTRY ELEMENTS (KOHA)
Source of classification or shelving scheme Dewey Decimal Classification
Koha item type Books
Holdings
Withdrawn status Lost status Source of classification or shelving scheme Damaged status Not for loan Home library Current library Shelving location Date acquired Cost, normal purchase price Total Checkouts Full call number Barcode Date last seen Date last checked out Copy number Price effective from Koha item type
    Dewey Decimal Classification     JCC Rouf Library JCC Rouf Library General Stacks 05/08/2023 350.00 13 869.342 COE 2021 17683 12/10/2024 11/19/2024 C-1 05/08/2023 Books

JCC Library | Contacts | JCC Home

Last Update on 23 September 2017
Copyright @ 2017-2020 JCC Rouf Library
Rouf Library, Jhenidah Cadet College (JCC), Bangladesh